Ovnis e extraterrestres (Registo nº 3061)

Detalhes MARC
000 -Etiqueta do registo
Cabeçalho 00675nam a22002531 4500
005 - Identificador da versão
Campo de controlo 20240828125122.0
010 ## - Número internacional normalizado dos livros (ISBN)
Número (ISBN) 9727661777
021 ## - Número do Depósito Legal
Código do país PT
Número 115829/97
100 ## - Dados gerais de processamento
Dados gerais de processamento 19990517d1997 am y0pory5003 ba
101 1# - Língua de publicação
Língua do texto, banda sonora, etc. Português
102 ## - Pais de publicação ou produção
País de publicação Portugal
105 ## - Campo de dados codificados: livros
Dados codificados dos livros a z 001yy
106 ## - Campo de dados codificados: material textual
Dados codificados do material textual r
200 1# - Titulo e menção de responsabilidade
Título próprio Ovnis e extraterrestres
Primeira menção de responsabilidade Colin Wilson
Outras menções de responsabilidade trad. e adapt. Nuno Pereira
210 ## - Publicação, Distribuição, etc. 
Lugar da edição, distribuição, etc. Queluz
Nome do editor, distribuidor, etc. Impala
Data da publicação, distribuição, etc. D.L. 1997
215 ## - Descrição física 
Indicação específica da natureza do documento e extensão da espécie 37 p.
Outras indicações físicas il.
Dimensões 29 cm
225 2# - Colecção 
Título próprio da colecção O inexplicável
606 ## - Nome comum usado como assunto
Número de registo de entrada de autoridade 0002229
Palavra de ordem Ciências exactas
Subdivisão de assunto Astronomia
675 ## - Classificação Decimal Universal (CDU)
Notação 52
Edição
Língua da edição por
700 #1 - Nome de autor-pessoa física (responsabilidade principal)
Número de registo de entrada de autoridade 0002232
Palavra de ordem Wilson
Outra parte do nome não tomada para palavra de ordem Colin
Datas 1931-
702 #1 - Nome de autor-pessoa física (responsabilidade secundária)
Número de registo de entrada de autoridade 0002239
Palavra de ordem Pereira
Outra parte do nome não tomada para palavra de ordem Nuno
Código de função Tradutor
942 ## - Elementos de entrada adicionados (Koha)
Tipo de item no Koha Livro
Exemplares
Situação do levantamento Origin of item (home branch) (coded) Biblioteca de empréstimo Código de barras Cota Circulation type (not for loan) Tipo de documento Nota do exemplar Damaged status
  Biblioteca Escolar da Coca Maravilhas Biblioteca Escolar da Coca Maravilhas BECM4604/99 5AST WIL   Livro Sem mensagem